| 000 | 01107na a2200337 4500 | ||
|---|---|---|---|
| 999 |
_c10206 _d10206 |
||
| 001 | 19371 | ||
| 003 | MIRAKIL | ||
| 005 | 20210323144734.0 | ||
| 008 | 170126b tu 000 0 | ||
| 035 | _a19371 | ||
| 040 |
_aMilas _btur _cTR-AnCHP |
||
| 041 | _atur | ||
| 082 |
_aCHP 324.2172 _bC36 [2011?] |
||
| 090 | _aBROŞÜR 93 | ||
| 245 |
_aCHP ve aydınlanmanın kısa tarihi [broşür] _b(04 Eylül 1919 - 27 Mayıs 1960) _c[CHP] |
||
| 260 |
_aAnkara _bCHP _c2012? |
||
| 300 |
_a39 s. _brnkl. res.; fotg. _c21 sm. |
||
| 440 |
_aCumhuriyet Halk Partisi yayınları _pRaporlar |
||
| 500 | _a2 kopya. | ||
| 610 |
_aCHP _xSeçim kampanyaları, 2011 _yPropaganda ve ideolojiler |
||
| 610 |
_aCHP _xTarih _y1919-1960 |
||
| 650 |
_aSosyal demokrat partiler _xTarih _yBroşürler _zTürkiye |
||
| 651 |
_aTürkiye _xSiyasal tarih _y1919-1960 |
||
| 700 | _a | ||
| 740 | _aHerkes için CHP | ||
| 830 | _aCHP raporları | ||
| 942 |
_2ddc _cBKS |
||
| 999 | _d10206 | ||